Economía y Política 10 (Registro nro. 20768)
[ vista simple ]
| 000 -CABECERA | |
|---|---|
| Longitud fija campo de control | 01547nam a2200241 a 4500 |
| 003 - • IDENTIFICADOR DELl NÚMERO DE CONTROL | |
| Identificador del número de control | CO-ViMGA |
| 008 - • CÓDIGOS DE INFORMACIÓN DE LONGITUD FIJA | |
| Códigos de información de longitud fija | 141112s2004 ck r 000 u spa d |
| 020 ## - • NÚMERO INTERNACIONAL NORMALIZADO PARA LIBROS | |
| Número Internacional Normalizado para Libros (ISBN) | 9580445893 |
| 040 ## - FUENTE DE LA CATALOGACIÓN | |
| Centro catalogador de origen | CO-ViMGA |
| Lengua de catalogación | spa |
| Centro transcriptor | CO-ViMGA |
| 082 04 - • NÚMERO DE LA CLASIFICACIÓN DECIMAL DEWEY | |
| Número de clasificación (R) | 330 A185 |
| 100 1# - • PUNTO DE ACCESO PRINCIPAL-NOMBRE DE PERSONA | |
| Nombre de persona | Acosta, Fabian; Pachón, Efraín |
| 245 10 - • TITULO PROPIAMENTE DICHO | |
| Título | Economía y Política 10 |
| 300 ## - • DESCRIPCIÓN FÍSICA | |
| Extensión | 2v. : il. |
| 505 ## - • NOTA DE CONTENIDO CON FORMATO | |
| Nota de contenido con formato | Que es, que estudia y evolucion de las ideas economicas 6 - 10 - - Produccion de bienes y servicios, sectores economicos y factores de produccion 11 - 16 - - Produccion, distribucion y consumo, sistema economico 17 - 21 - - El mercado, que es, cuales son sus actores 22 - 25 - - Inflacion, deflacion y canasta familiar 27 - 31 - - Moneda, medios de pago, dinero bancario 32 - 36 - - Ahorro, credito, margen de intermediacion y sistema financiero 37 - 48 - - Mercado de capitales, valores y bolsas 50 - 54 - - Sector publico, sector privado, manejo fiscal, presupuesto nacional, fuentes de ingresos 55 - 70 - - Comercio internacional, libre cambio, proteccionismo, balanza comercial 71 - 75 - - Política, formas de gobierno, poder, poderes publicos, medios de comunicacion 78 - 100 - - Estado colombiano, ideologia y ciencia, ideologias modernas, pensamiento politico, ideas liberales, sociedad civil 102 - 139 |
| 650 14 - • PUNTO DE ACCESO ADICIONAL DE MATERIA - TÉRMINO DE MATERIA | |
| Término de materia o nombre geográfico como elemento inicial | COMERCIO INTERNACIONAL |
| 650 14 - • PUNTO DE ACCESO ADICIONAL DE MATERIA - TÉRMINO DE MATERIA | |
| Término de materia o nombre geográfico como elemento inicial | DEFLACION |
| 650 14 - • PUNTO DE ACCESO ADICIONAL DE MATERIA - TÉRMINO DE MATERIA | |
| Término de materia o nombre geográfico como elemento inicial | FINANZAS |
| 650 14 - • PUNTO DE ACCESO ADICIONAL DE MATERIA - TÉRMINO DE MATERIA | |
| Término de materia o nombre geográfico como elemento inicial | PARTIDOS POLITICOS |
| 650 14 - • PUNTO DE ACCESO ADICIONAL DE MATERIA - TÉRMINO DE MATERIA | |
| Término de materia o nombre geográfico como elemento inicial | PLAN DE DESARROLLO |
| 942 ## - ENTRADA DE ELEMENTOS AGREGADOS (KOHA) | |
| Fuente de clasificaión o esquema | Dewey Decimal Classification |
| Koha [por defecto] tipo de item | LIbro |
No hay ítems disponibles.